Předpisy pro vysoké školy Republiky Československé

Bibliographic Details
Main Author: Havelka, František, 1905-1986 (Author)
Other Authors: Placht, Otto (Editor)
Format: Book
Language:Czech
PhysicalDescription:2214 s. 23 cm
Published: Praha Otto Placht - Frant. Havelka 1932
Subjects:

MARC

LEADER 00000nam a2200000 a 4500
001 vtls001405813
003 SK-MaSNL
005 20260311150112.0
008 160115s1932 xr 0 100 cze
035 |a SNK000360441 
040 |a SNK  |b slo  |c SNK  |e AACR2 
041 |a cze 
044 |a xr  |c CZ 
080 |a 378(437)  |2 2001 
245 1 |a Předpisy pro vysoké školy Republiky Československé  |c vydali Otto Placht, František Havelka 
260 |a Praha  |b Otto Placht - Frant. Havelka  |c 1932  |e Praha  |f Tiskárna Státního nakladatelství 
300 |a 2214 s.  |c 23 cm 
650 0 7 |a vysoké školy  |2 SNKPH  |9 1277 
651 7 |a Československo  |2 SNKPH  |9 21376 
655 7 |a predpisy  |2 SNKPH  |9 70649 
700 1 |a Placht, Otto  |4 edt  |9 734651 
700 1 |a Havelka, František,  |d 1905-1986  |4 aut  |9 191099 
999 |c 1154841  |d 1156771 
952 |t P60, <04>, [BOOK], {604}  |a SNK  |b SNK  |y VYP  |7 0  |p 17A0152989  |o snkIC 28104  |0 0  |1 0  |4 0  |d 2001-01-27  |l 0  |r 2005-01-02 00:00:00  |w 2026-02-24